00669nam a22002297a 450000500170000001000110001702000070002803500110003503700160004604000120006208200170007424501260009124600060021726000460022327000470026930000240031665000230034065000260036370000180038970000150040770000170042220170124105920.0 a392602 c00 a392602 bCen Lib/Ret aDPLbEN a370.954bCLI aClimbing a wall of glass :cedited by J.W. Airvan, T. Barnabas [and] A.B. Shahbaspects of educational reforms in india / b  bP.C. Mantaktala and Sons c1965 aBombay  bBombay a6 fair field, road 4 church gate  axv, 176p.c21cm(Hb) aHigher Educations  aGrowth & Development  aAirvan, J. W. aShah, A.B. aBarnabas, T.